Nobel (Record no. 54053)

MARC details
000 -LEADER
campo de control de longitud fija 00687nam a2200193 i 4500
001 - NÚMERO DE CONTROL
campo de control 54053
003 - IDENTIFICADOR DE NÚMERO DE CONTROL
campo de control ES-MaACL
005 - FECHA Y HORA DE LA ÚLTIMA TRANSACCIÓN
campo de control 20230906162903.0
007 - CAMPO FIJO DE DESCRIPCIÓN FÍSICA--INFORMACIÓN GENERAL
campo de control de longitud fija t|
008 - DATOS DE LONGITUD FIJA--INFORMACIÓN GENERAL
campo de control de longitud fija 141022s2009 aj ||||1| aze d
245 00 - MENCIÓN DEL TÍTULO
Título Nobel
Resto del título : Nobellar va Baki Nefti = The Nobels and Baku Oil.
260 ## - PUBLICACIÓN, DISTRIBUCIÓN, ETC.
Lugar de publicación, distribución, etc. Baku :
Nombre del editor, distribuidor, etc. Ministry of Culture and Tourism of the Republic of Azerbaijan,
Fecha de publicación, distribución, etc. 2009.
300 ## - DESCRIPCIÓN FÍSICA
Extensión 188 p. :
Otras características físicas il. ;
Dimensiones 30 cm.
500 ## - NOTA GENERAL
Nota general Texto paralelo en azeri e inglés.
500 ## - NOTA GENERAL
Nota general 1879-2009 dedicated to 130 th anniversary of Nobel brother's activity in Azerbaijan.
600 34 - PUNTO DE ACCESO ADICIONAL DE MATERIA--NOMBRE DE PERSONA
Nombre de persona Nobel (Familia)
9 (RLIN) 155752
651 #4 - PUNTO DE ACCESO ADICIONAL DE MATERIA--NOMBRE GEOGRÁFICO
Nombre geográfico Baku (Azerbaiyán)-
Subdivisión general Historia.
9 (RLIN) 155753
852 ## - LOCALIZACIÓN
Ubicación ES-MaACL
Número de control de estantería 1595-F-18
Holdings
Estatus retirado Estado de pérdida Estado de daño No para préstamo Colección Biblioteca de origen Biblioteca actual Ubicación en estantería Fecha de adquisición Fuente de adquisición Total de préstamos Signatura topográfica completa Código de barras Visto por última vez Precio de reemplazo Tipo de ítem Koha
        Colección de folletos Biblioteca del Ateneo de Madrid Biblioteca del Ateneo de Madrid Depósito folletos 17/01/2008     1595-F--18 1056808 23/02/2023 23/02/2023 Folleto